000 01152nam0a22003491 4500
001 RU\NLR\Evr\2551
005 20251202160538.0
035 _a(NLR Aleph) 011418938
090 _a11597094
_c11597094
100 _a20070821d1924 u y0rusy50 ca
101 0 _ayid
102 _aRU
105 _ay |||||||||
200 1 _6a01
_7ba
_aTog antkegn
_fSh. Godiner
210 _6a01
_aMoskve
_cKultur-Lige
_d1924
_7ba
210 _6a01
_9z02
_aמאָסקווע
_cקולטור-ליגע
_d1924
210 _9z02
_aМосква
_cКультур-Лиге
_d1924
_7ca
215 _a126 с.
_d20 см.
510 1 _6a01
_aטאג אנטקעגן
_fש. גאדינער
541 1 _aДню навстречу
_zrus
700 1 _6a01
_aГодинер
_bШ.Н.
_f1892-1942
_gШмуэл Нисан
_3RU\NLR\AUTH\7949325
_4070
_7ca
790 1 _6a01
_aGodiner
_bSh.
_4070
_7ba
790 1 _6a01
_aגאָדינער
_b
_4070
801 0 _aRU
_bNLR
_c20070821
_gpsbo
801 0 _aRU
_bNLR
_gPSBO
801 1 _aRU
_bNLR
_c20070821
_2rusmarc
801 2 _aRU
_bNLR
_c20080316
_2rusmarc
852 _aNLR
_bОЛСАА/идиш
_j2-598
942 _cBOOK
980 _aNB
980 1 _aIDISH